000
00231 a2200097 4500
001
53337
100
_a
Ahmad, M A
245
_a
Nature of Isalmic Political theory
260
_a
Kaachi
_b
Maaref ltd Karachi
_c
090
_c
33585
_d
33585
942
_a
NUST-CAE
_c
M
_c
26208
999
_c
288410
_d
288410